| 000 | 01813nam2a2200217 4500 | ||
|---|---|---|---|
| 001 | RU\NLR\PER_A\003155425_000970 | ||
| 005 | 20250626074512.0 | ||
| 035 | _a(NLR Aleph) 011479592 | ||
| 090 |
_a11892958 _c11892958 |
||
| 100 | _a20170927d2017 |||y0rusy50 ca | ||
| 101 | 0 | _arus | |
| 102 | _aRU | ||
| 200 | 1 | _aМатериалы XVI Всероссийского научного Форума с международным участием имени академика В.И. Иоффе "Дни иммунологии в Санкт-Петербурге", 5-8 июня 2017 г. | |
| 210 |
_d2017 _aБ. м. |
||
| 461 | 0 |
_1001RU\NLR\INFOCOMM4\1000557763 _12001#$aМедицинская иммунология$eОфиц. журн. С.-Петерб. регион. отд-ния Рос. ассоц. аллергологов и клин. иммунологов$fС.-Петерб. регион. отд-ние Рос. ассоц. аллергологов и клин. иммунологов (СПб РО РААКИ)$vТ. 19, спецвып. _93047058 _cСПб. _d2001 - _fС.-Петерб. регион. отд-ние Рос. ассоц. аллергологов и клин. иммунологов (СПб РО РААКИ) _nНордмед – Издат _oОфиц. журн. С.-Петерб. регион. отд-ния Рос. ассоц. аллергологов и клин. иммунологов _tМедицинская иммунология _x1563-0625 _vТ. 19, спецвып. |
|
| 711 | 1 | 2 |
_a"Дни иммунологии в Санкт-Петербурге", всероссийский научный форум с международным участием им. В. И. Иоффе _d16 _f2017 _9570278 _3RU\NLR\AUTH\880453324 |
| 852 |
_aNLR _jП17/790 |
||
| 942 | _cISSUE | ||
| 980 | _aNB | ||
| 980 | _aRUSPER | ||